Komik Pendidikan Britannica : (Record no. 185245)

MARC details
000 -LEADER
fixed length control field 01399aam a2200409 ia4500
001 - CONTROL NUMBER
control field vtls000912211
003 - CONTROL NUMBER IDENTIFIER
control field PNM
005 - DATE AND TIME OF LATEST TRANSACTION
control field 20211006183057.0
008 - FIXED-LENGTH DATA ELEMENTS--GENERAL INFORMATION
fixed length control field 200911t20202020my a j 000 c may
015 ## - NATIONAL BIBLIOGRAPHY NUMBER
National bibliography number M20-07695
020 ## - INTERNATIONAL STANDARD BOOK NUMBER
International Standard Book Number 9789672375166
Qualifying information paperback
Terms of availability RM21.90
039 #9 - LEVEL OF BIBLIOGRAPHIC CONTROL AND CODING DETAIL [OBSOLETE]
Level of rules in bibliographic description 202101111324
Level of effort used to assign nonsubject heading access points habirah
Level of effort used to assign subject headings 202011190942
Level of effort used to assign classification haida
040 ## - CATALOGING SOURCE
Original cataloging agency BNM
Language of cataloging eng
Transcribing agency BNM
Description conventions rda
Modifying agency PPAK
041 1# - LANGUAGE CODE
Language code of text/sound track or separate title may
Language code of original kor
049 ## - LOCAL HOLDINGS (OCLC)
Holding library mal
082 04 - DEWEY DECIMAL CLASSIFICATION NUMBER
Classification number 500
Edition number 23
090 00 - LOCALLY ASSIGNED LC-TYPE CALL NUMBER (OCLC); LOCAL CALL NUMBER (RLIN)
Classification number (OCLC) (R) ; Classification number, CALL (RLIN) (NR) 500
Feature heading KOM
Feature heading K
245 00 - TITLE STATEMENT
Title Komik Pendidikan Britannica :
Remainder of title Tubuh Badan Manusia /
Statement of responsibility, etc. Cerita: Bombom Bercerita (Korea) ; Ilustrasi: Kim Deok Young (Korea)
250 ## - EDITION STATEMENT
Edition statement Edisi Pertama 2020
264 #1 - PRODUCTION, PUBLICATION, DISTRIBUTION, MANUFACTURE, AND COPYRIGHT NOTICE
Place of production, publication, distribution, manufacture Johor Bahru, Johor :
Name of producer, publisher, distributor, manufacturer Penerbitan Pelangi Sdn. Bhd.,
Date of production, publication, distribution, manufacture, or copyright notice 2020
Date of production, publication, distribution, manufacture, or copyright notice ©2020
300 ## - PHYSICAL DESCRIPTION
Extent 161 pages, 4 unnumbered pages :
Other physical details colour illustrations, colour photographs ;
Dimensions 23 cm.
336 ## - CONTENT TYPE
Content type term text
Source rdacontent
337 ## - MEDIA TYPE
Media type term unmediated
Source rdamedia
338 ## - CARRIER TYPE
Carrier type term volume
Source rdacarrier
490 1# - SERIES STATEMENT
Series statement Komik Pendidikan Britannica
650 10 - SUBJECT ADDED ENTRY--TOPICAL TERM
Topical term or geographic name entry element Science
Form subdivision Comic books, strips, etc.
Topical term or geographic name entry element Comic books, strips, etc.
Geographic subdivision Korea (South)
Form subdivision Translations into Malay
Topical term or geographic name entry element Human body
Form subdivision Comic books, strips, etc.
700 1# - ADDED ENTRY--PERSONAL NAME
Personal name Kim, Deok Young,
Relator term illustrator.
710 2# - ADDED ENTRY--CORPORATE NAME
Corporate name or jurisdiction name as entry element Bombom Bercerita,
Relator term author.
830 #0 - SERIES ADDED ENTRY--UNIFORM TITLE
Uniform title Komik pendidikan Britannica
942 ## - ADDED ENTRY ELEMENTS (KOHA)
Source of classification or shelving scheme Dewey Decimal Classification
Koha item type Book
949 ## - LOCAL PROCESSING INFORMATION (OCLC)
6 2000733055
6 2000733056
6 2000733057
Holdings
Withdrawn Not for loan Current library Shelving location Date acquired Total Checkouts Total Renewals Full call number Barcode Date last seen Date last checked out Koha item type Checked out
    Perpustakaan Alor Setar Pinjaman Kanak-kanak 22/03/2022 42 8 K 500 KOM A01726067 11/06/2026 24/05/2026 Book  
    Perpustakaan Awam Sungai Petani Pinjaman Kanak-kanak 22/03/2022 23   K 500 KOM A01726068 20/06/2026 20/06/2026 Book 11/07/2026
    Perpustakaan Baling Pinjaman Kanak-kanak 22/03/2022 11 1 K 500 KOM A01726072 27/06/2026 08/06/2026 Book  
    Perpustakaan Bandar Baharu Pinjaman Kanak-kanak 22/03/2022 7   K 500 KOM A01726073 29/01/2026 15/01/2026 Book  
    Perpustakaan Jitra Pinjaman Kanak-kanak 22/03/2022 2 1 K 500 KOM A01726069 11/02/2023 11/02/2023 Book 04/03/2023
    Perpustakaan Kuala Nerang Pinjaman Kanak-kanak 22/03/2022 4 2 K 500 KOM A01726077 02/10/2024 18/09/2024 Book  
    Perpustakaan Kulim Pinjaman Kanak-kanak 22/03/2022 17 2 K 500 KOM A01726071 19/07/2025 14/06/2025 Book  
    Perpustakaan Merbok Pinjaman Kanak-kanak 22/03/2022 10 1 K 500 KOM A01726074 04/02/2026 20/01/2026 Book  
    Perpustakaan Pendang Pinjaman Kanak-kanak 22/03/2022 3   K 500 KOM A01726078 06/06/2024 15/05/2024 Book  
    Perpustakaan Sik Pinjaman Kanak-kanak 22/03/2022     K 500 KOM A01726076 22/03/2022   Book  
    Perpustakaan Yan Pinjaman Kanak-kanak 22/03/2022 3   K 500 KOM A01726075 04/05/2026 28/04/2026 Book  
    T-PD26, Kg. Lubuk Batu, Jitra Pinjaman Kanak-kanak 22/03/2022     K 500 KOM A01726079 22/03/2022   Book